Электрооборудование и электроснабжение электротехнологических установок: учебное пособие

Detaylı Bibliyografya
Yazar: Миронова А. Н. Альвина Николаевна
Diğer Yazarlar: Миронов Ю. М. Юрий Михайлович
Özet:В учебном пособии рассмотрены основы электроснабжения промышленных предприятий; приведены данные по электротехнологическим установкам как приемникам электроэнергии; описаны характеристики основных видов электрооборудования и схемы электроснабжения электротехнологических установок. Соответствует требованиям федеральных государственных образовательных стандартов высшего образования последнего поколения. Предназначено для студентов, обучающихся по направлению подготовки 13.03.02 "Электроэнергетика и электротехника", специальности "Электротехнологические процессы и установки, приборы электронагрева". Также может быть полезно магистрантам, аспирантам и специалистам промышленности.
Dil:Rusça
Baskı/Yayın Bilgisi: Москва, Инфра-М, 2022
Edisyon:2-е изд., перераб. и доп.
Seri Bilgileri:Высшее образование - Бакалавриат
Konular:
Materyal Türü: MixedMaterials Kitap
KOHA link:https://koha.lib.tpu.ru/cgi-bin/koha/opac-detail.pl?biblionumber=347896

MARC

LEADER 00000nam0a2200000 4500
001 347896
005 20231102010040.0
010 |a 9785160136868 
035 |a (RuTPU)RU\TPU\book\379851 
090 |a 347896 
100 |a 20220801d2022 m y0rusy50 ca 
101 0 |a rus 
102 |a RU 
105 |a a j 001zy 
200 1 |a Электрооборудование и электроснабжение электротехнологических установок  |e учебное пособие  |f А. Н. Миронова, Ю. М. Миронов 
205 |a 2-е изд., перераб. и доп. 
210 |a Москва  |c Инфра-М  |d 2022 
215 |a 470 с.  |c ил. 
225 1 |a Высшее образование - Бакалавриат 
320 |a Библиогр.: с. 460-462 
330 |a В учебном пособии рассмотрены основы электроснабжения промышленных предприятий; приведены данные по электротехнологическим установкам как приемникам электроэнергии; описаны характеристики основных видов электрооборудования и схемы электроснабжения электротехнологических установок. Соответствует требованиям федеральных государственных образовательных стандартов высшего образования последнего поколения. Предназначено для студентов, обучающихся по направлению подготовки 13.03.02 "Электроэнергетика и электротехника", специальности "Электротехнологические процессы и установки, приборы электронагрева". Также может быть полезно магистрантам, аспирантам и специалистам промышленности. 
606 1 |a Электротехнология  |2 stltpush  |3 (RuTPU)RU\TPU\subj\20972  |9 46031 
606 1 |a Электротехнологические установки  |2 stltpush  |3 (RuTPU)RU\TPU\subj\20970  |9 46029 
610 1 |a электроэнергия 
610 1 |a энергосистемы 
610 1 |a электростанции 
610 1 |a короткие замыкания 
610 1 |a руднотермические печи 
610 1 |a электрошлаковый переплав 
610 1 |a электрошлаковое литье 
610 1 |a электропечные трансформаторы 
610 1 |a индукционные печи 
610 1 |a трансформаторы 
610 1 |a печи сопротивления 
610 1 |a учебные пособия 
675 |a 621.36(075.8)  |v 4 
675 |a 621.31(075.8)  |v 4 
700 1 |a Миронова  |b А. Н.  |g Альвина Николаевна 
701 1 |a Миронов  |b Ю. М.  |g Юрий Михайлович 
801 1 |a RU  |b 63413507  |c 20220801 
801 2 |a RU  |b 63413507  |c 20221003  |g RCR 
942 |c BK 
959 |a 14/20220801  |d 3  |e 2049,43  |f УФ:3